[Event "RUS-ch m1-2"]
[Site "Elista"]
[Date "1997.05.31"]
[Round "5.1"]
[White "Dreev, Alexey"]
[Black "Svidler, Peter"]
[Result "1-0"]
[WhiteElo "2650"]
[BlackElo "2640"]
[Annotator "Huzman,A"]
[PlyCount "69"]
[EventDate "1997.05.19"]
[EventType "k.o."]
[EventRounds "6"]
[EventCountry "RUS"]
[SourceTitle "CBM 059"]
[Source "ChessBase"]
[SourceDate "1997.08.01"]
[SourceVersion "1"]
[SourceVersionDate "1997.08.01"]
[SourceQuality "1"]

1. d4 {Ftacnik} d5 2. c4 dxc4 3. e4 Nf6 4. e5 Nd5 5. Bxc4 Nb6 6. Bd3 Nc6 7. Be3
Nb4 8. Be4 f5 9. exf6 exf6 10. a3 (10. Nc3 {Ftacnik} f5 11. Bb1 (11. Bf3 N4d5
12. Bd2 Be6 13. Nge2 Qd7 14. O-O O-O-O 15. Re1 Rg8 16. Bg5 Re8 17. Nf4 Nxf4 18.
Bxf4 g5 19. Be5 Bg7 20. Rc1 $6 {1/2-1/2 Karpov,A-Short,N/Linares csf1 1992/
CAND (93)} (20. Bxg7 Qxg7 21. d5 $14 {Hansen,Cu})) 11... N4d5 12. Nf3 Bd6 (
12... Bb4 13. Bd2 Be7 14. O-O O-O 15. Re1 Bf6 16. a3 Kh8 17. Ba2 f4 18. Ne5 f3
19. Nxd5 Nxd5 20. Nf7+ {Huebner,R-Sulskis,S/EU-chTM 1997/EXP 57/1-0 (60)} (20.
Bb4 $142 {Huebner})) (12... Be7 $11) 13. Bg5 Qd7 14. Qe2+ Qe6 15. Ne5 O-O 16.
O-O Nxc3 17. bxc3 Bxe5 18. dxe5 Qc6 $11 19. Bd3 Be6 20. Rac1 $2 {0-1 Timman,
J-Salov,V/FIDE-cm3 Sanghi Nagar 1994/CBM 42 (69) [Salov]} (20. Rad1 $1 $14))
10... f5 (10... N4d5 11. Qh5+ $16 (11. Qh5+ {Ftacnik} g6 12. Bxg6+ hxg6 13.
Qxh8 Qe7)) 11. axb4 (11. Bf3 N4d5) 11... Bxb4+ 12. Nc3 (12. Bd2 Qe7 13. Qh5+ g6
14. Qe2 Bxd2+ 15. Nxd2 fxe4 16. Nxe4 O-O $17) 12... fxe4 13. Qh5+ Kf8 14. Nge2
Be6 (14... Nd5 15. O-O Nf6 16. Qh4 Bf5 (16... Bg4 {Ftacnik} 17. Ng3 Be7 18.
Ngxe4 Bf5 19. Qf4 Bxe4 20. Nxe4 Kg8 21. Nxf6+ Bxf6 22. Qe4 Qc8 23. Qd5+ Kf8 24.
Bd2 g6 25. Bh6+ Bg7 26. Ra3 {1-0 Tregubov,P-Zvjaginsev,V/RUS-ch Orel 1992/EXT
92ch}) 17. Bg5 $44) (14... Qe8 15. Qh4 Bf5 (15... Kg8 $1 {Ftacnik} 16. O-O Bf5
17. Ng3 Bg6 18. Ngxe4 h6 19. Nc5 $6 {0-1 Greenfeld,A-Adams,M/Moscow olm 1994/
CBM 45 [Ftacnik] (32)} (19. f3 $5 {Ftacnik}) (19. d5 $5 Bxe4 20. Nxe4 Nxd5 21.
Bc5 Bxc5 22. Nxc5 b6 23. Qd4 (23. Nd3 Kh7 24. Qc4 Rd8 25. Rfe1 Qg6 26. Ne5 Qf5
27. g4 Qf6 28. Rad1 Rhf8 29. f3 Nf4 30. Qc2+ {1/2-1/2 Antonsen,M-Hansen,L/
Politiken Cup 1996/EXP 54}) 23... Qf7 24. Nd3 c5 25. Qe4 Re8 26. Ne5 Qe6 27.
Rae1 {1-0 Tregubov,P-Nikitin,A/St.Petersburg Chigorin 1995/EXT 95 (42)})) 16.
O-O $44) 15. O-O Kg8 (15... Qe8 16. Qh4 Bc4 17. f3 $5 $40 (17. Rfc1 $44)) 16.
Nxe4 Qe8 17. Qxe8+ (17. Qh4 Bc4 18. N4g3 Nd5 $17) 17... Rxe8 18. Rfc1 (18. Rxa7
Bc4 19. N4g3 Ba6 $44) 18... Bc4 (18... a5 19. Rxc7 Nd5 20. Rcc1 $16) 19. N2g3
Bd5 (19... a5 20. Nc5 Bd5 21. Bf4 $36) 20. Bd2 $1 Bxd2 (20... a5 $5 21. Bxb4
axb4 22. Nc5 $14) 21. Nxd2 Bc6 22. Rxa7 Kf7 23. Nf3 $1 $16 Nd7 24. d5 $1 (24.
Rxc6 $5 bxc6 25. Rxc7 Ke6 (25... Rd8 26. Ng5+ Kf6 27. h4 $16) 26. Rxc6+ Kd5 27.
Rc7 $16) 24... Bxd5 25. Rxc7 Ke6 (25... Rd8 $142 $16) 26. Nd4+ Kd6 27. Nb5+ $18
Ke6 28. Nd4+ (28. Rc1 $1 $18 Rc8 29. Nc7+ Kf7 30. Nf5 $18) (28. Nh5 $1 $18 {
Ftacnik}) 28... Kd6 29. Nb5+ Ke7 (29... Ke6 {Ftacnik} 30. Nh5 $1) 30. Nf5+ Kf6
31. Ne3 Nb6 32. h4 (32. Nd6 $18) 32... Bc6 33. Nd4 Nd5 34. Ng4+ Kg6 35. h5+ (
35. h5+ {Ftacnik} Kxh5 36. Rxg7 Reg8 37. Rxg8 Rxg8 38. Nxc6 Rxg4 (38... bxc6
39. Ne5) 39. Rxb7) 1-0

[Event "Mitropa Cup 19th"]
[Site "Baden"]
[Date "1999.04.09"]
[Round "8"]
[White "Boensch, Uwe"]
[Black "Varga, Zoltan"]
[Result "1/2-1/2"]
[WhiteElo "2533"]
[BlackElo "2518"]
[Annotator "Huzman,A"]
[PlyCount "91"]
[EventDate "1999.04.01"]
[EventType "team-tourn"]
[EventRounds "9"]
[EventCountry "SUI"]
[SourceTitle "CBM 071"]
[Source "ChessBase"]
[SourceDate "1999.08.01"]
[SourceVersion "1"]
[SourceVersionDate "1999.08.01"]
[SourceQuality "1"]

1. d4 d5 2. c4 dxc4 3. e4 Nf6 4. e5 Nd5 5. Bxc4 Nb6 6. Bd3 Nc6 7. Be3 Nb4 8.
Be4 N4d5 (8... c6 9. Nc3 Be6 (9... g6 10. Nge2 N4d5 11. O-O Bg7 12. Nf4 Nxf4
13. Bxf4 Be6 14. a4 a5 15. Rb1 O-O 16. b4 Nc4 17. bxa5 Qxa5 18. Qc1 Rfd8 19. d5
cxd5 20. Rb5 dxe4 $1 $11 {0-1 Gulko,B-Adianto,U/Philadelphia 1994/EXT 94op (38)
}) 10. Nge2 N4d5 11. O-O Qd7 (11... Bg4 12. Qb3 Bxe2 13. Nxe2 e6 14. a4 a5 15.
Bxd5 exd5 16. f4 Bb4 17. f5 $36 {0-1 Greenfeld,A-Bykhovsky,A/Tel Aviv 1999/CBM
71_07 (62)}) 12. Ng3 f5 $1 (12... g6 13. Bd3 Nxe3 14. fxe3 Bh6 15. Qe2 Nd5 16.
Nxd5 Bxd5 $2 (16... Qxd5 $8) 17. e4 Be6 18. d5 $1 Bg4 19. e6 $1 {1-0 Balashov,
Y-Yakovich,Y/USSR (ch) 1986/Inf 41 (19)}) 13. exf6 exf6 14. Re1 O-O-O $11 {
1-0 Beliavsky,A-Yakovich,Y/Sochi 1986(56)}) 9. Nc3 c6 10. Qf3 $5 Be6 {[%cal
Yg7g6,Yf8g7]} 11. Nh3 {[%cal Gh3g5,Gg5e6]} f6 12. Nf4 (12. O-O g6) 12... Nxf4
13. Qxf4 g6 14. h4 $1 f5 (14... Nc4 $2 15. h5 g5 16. Qf3 $36 {[%cal Gd4d5]})
15. Bc2 Rg8 (15... Nd5 $5 16. Nxd5 Qxd5 17. O-O (17. h5 Qxg2 18. O-O-O Rg8 19.
Rhg1 Qd5 20. Bb3 Qd7) 17... Bg7 $11) 16. Qf3 Qd7 17. O-O-O O-O-O $11 18. h5 (
18. d5 Nxd5 (18... Bxd5 19. Nxd5 Nxd5 20. Bxa7 Qe6 21. Bd4 Bg7 22. Bb3 $36) 19.
Bxa7 Qc7 $132) 18... Nd5 $1 (18... g5 19. d5 $1 Nxd5 (19... cxd5 20. Bxb6 axb6
21. Bb3 Bh6 (21... g4 22. Qf4) 22. Kb1 g4 23. Qd3 (23. Qe2 $5) 23... d4 24. Ba4
Qc7 25. Nb5 $16) 20. Nxd5 $1 (20. Bxa7 g4 21. Nxd5 Bh6+ 22. Kb1 gxf3 23. Nb6+
Kc7 24. Nxd7 fxg2 25. Bb6+ Kc8 26. Bxd8 gxh1=Q 27. Rxh1 Kxd7 $15) 20... cxd5 (
20... Bxd5 21. Qxf5 $16) 21. Bxa7 $16) 19. hxg6 hxg6 20. Bg5 Nxc3 21. Qxc3 Bd5
22. f3 Kb8 {[%cal Yd8c8,Ye7e6]} 23. Rh7 Rg7 24. Rh8 Rg8 25. Rh7 Rg7 26. Rh4 $1
Rc8 27. Rh8 e6 28. Rdh1 {[%csl Rg7]} (28. Kb1 Rh7 29. Rh1 Rxh1+ 30. Rxh1 c5 $15
) 28... Be7 (28... Bxa2 29. Rxf8 $1 Rxf8 30. Qa3 $16) 29. Rxc8+ Qxc8 30. Bxe7
Rxe7 31. Qc5 $14 {/=} Qd8 32. a4 b6 $1 33. Qa3 Rc7 {[%cal Yc6c5,Yd8g5,Yg5c1,
Yg5g2]} 34. a5 Qg5+ (34... c5 $5 35. axb6 axb6 36. dxc5 Rxc5 37. Rh7 Bb7 $132)
35. Kb1 Qxg2 36. Rh8+ Rc8 37. Qd6+ Kb7 38. a6+ (38. Qd7+ Rc7 39. a6+ Kxa6 40.
Bd3+ Kb7 41. Qe8 Qg1+ 42. Kc2 Qf2+ $11) 38... Kxa6 39. Bd3+ Kb7 40. Rh7+ Ka8
41. Qd7 Qg1+ $11 42. Kc2 Qf2+ 43. Kc3 Qe1+ 44. Kc2 Qf2+ 45. Kb1 Qe1+ 46. Kc2
1/2-1/2

[Event "Presidents Cup "]
[Site "Elista"]
[Date "1998.05.12"]
[Round "2.3"]
[White "Dreev, Alexey"]
[Black "Rublevsky, Sergei"]
[Result "1/2-1/2"]
[WhiteElo "2630"]
[BlackElo "2665"]
[Annotator "Huzman,A"]
[PlyCount "59"]
[EventDate "1998.05.07"]
[EventType "k.o."]
[EventRounds "6"]
[EventCountry "RUS"]
[SourceTitle "CBM 065"]
[Source "ChessBase"]
[SourceDate "1998.08.06"]
[SourceVersion "1"]
[SourceVersionDate "1998.08.06"]
[SourceQuality "1"]

1. d4 d5 2. c4 dxc4 3. e4 e5 4. Nf3 exd4 5. Bxc4 Nc6 6. O-O Be6 7. Bxe6 fxe6 8.
Qb3 Qd7 9. Qxb7 Rb8 10. Qa6 Nf6 11. Nbd2 Bd6 12. Qd3 (12. a3 O-O 13. b4 Ng4 14.
Qa4 a5 15. bxa5 d3 16. Ra2 Ra8 17. a6 Nce5 18. Qxd7 Nxd7 19. h3 Nge5 20. Nxe5
Nxe5 21. Bb2 Rxa6 $15 {1/2-1/2 Rogozenko,D-Ibragimov,I/Berliner Sommer 1995 
(33)}) (12. Re1 Ng4 13. h3 Nge5 14. Nxe5 Bxe5 (14... Nxe5 15. Nc4 O-O 16. Nxe5
Bxe5 17. Qd3 Qb5 18. Rd1 Qxd3 19. Rxd3 c5 $15 {1-0 Pelletier,Y-Rublevsky,S/
WchT 4th 1997 (45)}) 15. a3 O-O 16. Qd3 a5 17. b3 Bf4 18. Nc4 Ne5 19. Nxe5 Bxe5
20. a4 Bd6 $11 {1-0 Razuvaev,Y-Ibragimov,I/Biel op 1995 (37)}) 12... O-O 13. a3
Ng4 14. b3 (14. b4 a5 15. bxa5 Nxa5 16. h3 (16. Qxd4 Bxh2+ 17. Kh1 Qxd4 18.
Nxd4 Be5 $19) 16... Ne5 17. Nxe5 Bxe5 $15) 14... Nce5 15. Nxe5 Bxe5 16. g3 (16.
Nf3 Qd6 (16... Rxf3 17. gxf3 Nxh2 18. f4 Nxf1 19. fxe5 $16) 17. h3 (17. Nxe5
Nxe5 18. Qg3 Nd7 $1 19. Qxd6 cxd6 20. b4 Rbc8 $15) 17... Bh2+ 18. Kh1 Ne5 19.
Nxe5 Bxe5 $11) 16... Qf7 {[%cal Yf7h5,Yf7f2,Yg4f2,Yg4h2]} (16... Qb5 17. Qxb5
Rxb5 18. Bb2 $14 {[%cal Ga1c1,Gc1c7]}) 17. f4 Ne3 (17... Bd6 18. e5 $16 {
[%cal Gd2e4]}) 18. Nc4 $1 (18. Rf3 Qh5 $36) 18... Nxc4 (18... Nxf1 19. Nxe5 Qh5
20. Qxf1 Rxb3 21. Bd2 $16) 19. Qxc4 (19. bxc4 $5 Bd6 20. Qxd4 Rbd8 21. e5 Bxa3
22. Qxa7 $16) 19... Bd6 20. e5 (20. Qxd4 Rxb3 21. e5 Be7 22. Qxa7 Qg6 $44 {
[%csl Rg1]}) 20... Be7 21. b4 c5 $1 $132 22. Bd2 (22. bxc5 Rfc8 23. c6 Rb6 24.
Qxd4 Rbxc6 $44 {[%csl Rg1]}) 22... cxb4 23. axb4 Bd8 $1 {[%csl Rg1][%cal Yd8b6]
} 24. f5 $5 exf5 (24... Re8 25. f6 $13) 25. e6 Qc7 $1 26. Qxc7 Bxc7 27. Rxa7
Bb6 28. Rd7 Rf6 $1 29. Bf4 $2 (29. Re1 Re8 30. Rd6 Bc7 31. Rc6 $14) (29. Rd6 $5
$14) 29... Re8 $11 30. Be5 (30. e7 Kf7 31. Re1 Rc6 $132) (30. Be5 Rfxe6 31.
Rxg7+ (31. Bxd4 R8e7 32. Rd5 Re5 33. Rd6 $11) 31... Kh8 32. Rb7+ Rxe5 33. Rxb6
$11) 1/2-1/2

[Event "Presidents Cup "]
[Site "Elista"]
[Date "1998.05.12"]
[Round "2.5"]
[White "Dreev, Alexey"]
[Black "Rublevsky, Sergei"]
[Result "1/2-1/2"]
[WhiteElo "2630"]
[BlackElo "2665"]
[Annotator "Huzman,A"]
[PlyCount "76"]
[EventDate "1998.05.07"]
[EventType "k.o."]
[EventRounds "6"]
[EventCountry "RUS"]
[SourceTitle "CBM 065"]
[Source "ChessBase"]
[SourceDate "1998.08.06"]
[SourceVersion "1"]
[SourceVersionDate "1998.08.06"]
[SourceQuality "1"]

1. d4 d5 2. c4 dxc4 3. e4 e5 4. Nf3 exd4 5. Bxc4 Nc6 6. O-O Be6 7. Bxe6 fxe6 8.
Qb3 Qd7 9. Qxb7 Rb8 10. Qa6 Bd6 11. Nbd2 Nf6 12. Qd3 a5 13. a3 O-O 14. b3 Ng4
15. h3 Nge5 16. Nxe5 Bxe5 (16... Nxe5 $5 17. Qxd4 Nd3 18. e5 (18. Kh1 Qb5 $44 {
[%cal Yd6e5,Yb5f1,Yd6c5,Yc5f2,Yd3f2,Yf8f2]}) (18. g3 Qb5 19. Nc4 Nxf2 $1) 18...
Nxe5 19. Bb2 Nd3 20. Bc3 Rb5 21. Ne4 $14) 17. Nc4 Bf4 18. Bxf4 Rxf4 19. Rac1 e5
{[%csl Rb3,Rc7]} 20. Ne3 $1 Ne7 21. Rc5 $1 {[%cal Gd3c4,Gc4c7,Gc4g8]} Qd6 22.
Qc4+ Kh8 23. Nd5 Rxe4 (23... Nxd5 24. Rxd5 Qxa3 25. Qxc7 $16 {[%csl Re5]}) 24.
f3 Rh4 25. Nxe7 (25. Rxc7 $5 Ng6 {[%cal Yd4d3,Yh4c4]} (25... Ng8 26. Ra7 Qxa3
27. Qc7 Qf8 28. Qxe5 $36) (25... d3 26. Qc5 $1 (26. Qxh4 Nxd5 27. Rf7 Kg8 28.
Ra7 Qb6+ 29. Qf2 Ne3 $17) 26... Qxc5+ 27. Rxc5 Nxd5 28. Rxd5 Rd4 29. Rxa5 Kg8
30. b4 Rc8 31. Rd1 $16) 26. Rc8+ Rxc8 27. Qxc8+ Nf8 $14 {/=}) 25... Qxe7 26.
Rxc7 Qd8 {[%cal Yd4d3,Yh4c4]} 27. Qf7 Qf6 28. Qd7 (28. Qd5 $1 $14 {/+/-}) 28...
h6 29. Rfc1 (29. Re1 d3 $1 30. Rc8+ Rxc8 31. Qxc8+ Kh7 32. Qc3 Rd4 $132) 29...
e4 $1 $132 30. R1c6 Qg5 {[%cal Yg5e3]} 31. Rc8+ Rxc8 32. Rxc8+ Kh7 33. Qxd4 $2
(33. Qf7 Qe3+ 34. Kh1 (34. Kh2 Qf4+ 35. Qxf4 Rxf4 $11) 34... Rxh3+ 35. gxh3
Qe1+ 36. Kg2 Qd2+ 37. Kg3 Qg5+ $11) (33. Qe6 $1 Qf6 (33... Qe3+ 34. Kh1 Rf4 35.
Qg8+ Kg6 36. Rc6+ Rf6 37. Rc7 $40) (33... Rf4 34. Qg8+ Kg6 35. Rc6+ Kh5 (35...
Rf6 36. Qe8+ Kh7 37. Qxe4+ $18)) (33... exf3 34. Qg8+ Kg6 35. Rc6+ Kh5 36. Qf7+
g6 37. Qxf3+ $18) 34. Qg8+ Kg6 35. Re8 $18) 33... Qxg2+ $1 34. Kxg2 exf3+ 35.
Kxf3 Rxd4 $11 36. Re8 g5 37. Re5 Rd3+ 38. Re3 Rd4 1/2-1/2

[Event "Presidents Cup "]
[Site "Elista"]
[Date "1998.05.12"]
[Round "2.7"]
[White "Dreev, Alexey"]
[Black "Rublevsky, Sergei"]
[Result "1-0"]
[WhiteElo "2630"]
[BlackElo "2665"]
[Annotator "Huzman,A"]
[PlyCount "63"]
[EventDate "1998.05.07"]
[EventType "k.o."]
[EventRounds "6"]
[EventCountry "RUS"]
[SourceTitle "CBM 065"]
[Source "ChessBase"]
[SourceDate "1998.08.06"]
[SourceVersion "1"]
[SourceVersionDate "1998.08.06"]
[SourceQuality "1"]

1. d4 d5 2. c4 dxc4 3. e4 e5 4. Nf3 exd4 5. Bxc4 Nc6 6. O-O Be6 7. Bxe6 fxe6 8.
Qb3 Qd7 9. Qxb7 Rb8 10. Qa6 Bd6 11. Nbd2 Nf6 12. Qd3 O-O 13. a3 a5 14. b3 Kh8
15. h3 (15. Nc4 Ng4 16. h3 Rxf3 17. gxf3 Nge5 18. Nxe5 Nxe5 19. Qd1 Ng6 $44)
15... Nh5 16. Nc4 Bf4 (16... Nf4 17. Bxf4 Bxf4 18. e5 $14 {[%csl Rd4]}) 17. g3
$1 Bxc1 18. Raxc1 $16 {[%cal Ge4e5]} e5 $6 (18... Rb5 19. e5 {[%csl Rh5]} Rfb8
20. Qe4 Qd5 21. Qg4 g6 22. Rfd1 $16) 19. Kg2 (19. Ncxe5 Nxe5 20. Nxe5 Qxh3 21.
Rxc7 Qe6 22. Qxd4 $18) 19... Qe6 20. Ncd2 {[%cal Gc1c5,Gf1c1,Gc1c7]} Rb6 21.
Rc5 Rfb8 22. Rfc1 $16 Qg6 {[%cal Yh5f4]} 23. Kh2 {[%csl Re5][%cal Gc5c6,Gc5e5,
Gf3e5]} Rf8 24. R1c2 h6 (24... Qd6 $142 25. Qc4 $16) 25. Nc4 Rbb8 26. Nfxe5 $18
Nxe5 27. Nxe5 Qd6 28. Rd5 Qe6 29. Nd7 Nf6 30. Nxf8 Rxf8 31. Rxd4 Qe5 32. Kg2
1-0

[Event "Villa Martelli"]
[Site "Villa Martelli"]
[Date "1997.06.07"]
[Round "7"]
[White "Ehlvest, Jaan"]
[Black "Spangenberg, Hugo"]
[Result "1/2-1/2"]
[WhiteElo "2635"]
[BlackElo "2550"]
[Annotator "Huzman,A"]
[PlyCount "51"]
[EventDate "1997.06.01"]
[EventType "tourn"]
[EventRounds "11"]
[EventCountry "ARG"]
[EventCategory "13"]
[SourceTitle "CBM 060"]
[Source "ChessBase"]
[SourceDate "1997.09.29"]
[SourceVersion "1"]
[SourceVersionDate "1997.09.29"]
[SourceQuality "1"]

1. d4 d5 2. c4 dxc4 3. e4 c5 4. d5 Nf6 5. Nc3 e6 6. Bxc4 exd5 7. Nxd5 Nxd5 8.
Bxd5 Be7 9. Nf3 O-O 10. O-O Nd7 (10... Qc7 11. h3 Nc6 12. Be3 b6 13. Qd2 Ba6
14. Bf4 Qc8 15. Rfe1 Bb7 16. a3 Qe8 17. Rad1 Rd8 18. Bc7 Rc8 19. Qf4 $16 {
1-0 Savchenko,S-Zvjaginsev,V/Moscow Tal 1992 (28)}) 11. Qe2 (11. Be3 Nf6 12.
Qd2 Nxd5 13. exd5 Bd6 14. Rfe1 Qc7 15. h3 Bf5 16. Rac1 Rac8 17. b4 b6 18. bxc5
bxc5 19. Rc4 Rfe8 20. Rec1 Qe7 $11 {1/2-1/2 Manor,I-Lev,R/Bern zt 1990 (27)})
11... Nb6 12. Bb3 Bg4 13. Be3 (13. Bf4 $5 Bf6 (13... Rc8 14. h3 $14) 14. Rad1
Bd4 15. h3 Bxf3 16. Qxf3 $14) 13... Rc8 14. Rac1 Qe8 15. Rfd1 Qc6 16. h3 Bh5
17. Bc2 (17. Bd5 Nxd5 18. Rxd5 $5 $14 (18. exd5 Qd6 $11)) 17... Qe6 18. b3 Bg6
$11 19. Nd2 f5 $1 (19... Kh8 20. f4 f5 21. g4) 20. b4 $1 c4 (20... Kh8 21. Nb3
$1 $36) 21. Bxb6 axb6 22. Nxc4 Kh8 23. Bb3 (23. Ne3 f4 $1 (23... fxe4 24. Bb3
Qe5 $14) 24. Nd5 (24. Qg4 Qe5 25. Nf5 Bxb4 $15) 24... f3 $44) 23... Qxe4 24.
Qxe4 fxe4 25. Ne5 Rxc1 26. Rxc1 1/2-1/2

[Event "RUS-Cup9"]
[Site "Novgorod"]
[Date "1997.??.??"]
[Round "2"]
[White "Vyzmanavin, Alexey"]
[Black "Vaulin, Alexander"]
[Result "1/2-1/2"]
[WhiteElo "2585"]
[BlackElo "2490"]
[Annotator "Huzman,A"]
[PlyCount "65"]
[EventDate "1997.06.11"]
[EventType "swiss"]
[EventRounds "9"]
[EventCountry "RUS"]
[SourceTitle "CBM 060"]
[Source "ChessBase"]
[SourceDate "1997.09.29"]
[SourceVersion "1"]
[SourceVersionDate "1997.09.29"]
[SourceQuality "1"]

1. d4 d5 2. c4 dxc4 3. e4 c5 4. d5 e6 5. Bxc4 Nf6 6. Nc3 exd5 7. Nxd5 Nxd5 8.
Bxd5 Be7 9. Nf3 O-O 10. O-O Na6 11. Bc4 (11. h3 Nc7 12. Bc4 b5 13. Be2 Bb7 14.
Qc2 a6 15. Be3 Ne6 $11 {Redzepagic,R-Bernard,R/Gdynia Dreszer-mem 1988/1-0 (82)
}) (11. Bf4 Nc7 12. Qd3 Nxd5 13. exd5 Bf6 14. Rac1 b6 15. b3 Qd7 16. Be5 Bb7
17. Bxf6 gxf6 18. Rfd1 Rad8 19. d6 Kh8 20. Qe3 Rg8 21. Qf4 Qe6 $132 {[%cal
Yg8g4] 1/2-1/2 Schroter,T-Gyimesi,Z/Gyor-J 1991 (44)}) 11... Be6 12. Bxe6 fxe6
13. Qe2 Nb4 14. Rd1 Qb6 15. Be3 (15. a3 $5 Qa6 16. Qxa6 Nxa6 17. Bg5 (17. Rd7
$2 Rad8) 17... Rxf3 18. Bxe7 {[%csl Ra6][%cal Gd1d7]} Rb3 $132) 15... Rad8 16.
a3 Qa6 17. Qxa6 Nxa6 $11 18. Bg5 Bxg5 19. Nxg5 Nc7 20. Kf1 h6 21. Nf3 Nb5 {
[%csl Rd4]} 22. Rac1 b6 23. Ne5 Rxd1+ (23... Nd4 24. b4 Nb3 25. Nc6 Rxd1+ 26.
Rxd1 c4 27. Ke2 $14) 24. Rxd1 Nd4 25. b4 (25. Rd2 $5 {[%cal Gb2b4]}) 25... Nc2
26. Rd7 (26. Rc1 Nxa3 (26... Nd4 27. Rc4 Nb3 $132 {[%cal Yb6b5,Yc5c4]}) 27.
bxc5 Rc8 28. c6 b5 $132 {[%cal Ya3c4]}) 26... cxb4 27. axb4 Ra8 $1 {[%cal
Ya7a5]} 28. Nc6 a5 29. bxa5 (29. Rd2 Nxb4 30. Nxb4 axb4 31. Rd6 b5 32. Rb6 Ra5
33. Ke2 Kf7 $15) 29... bxa5 30. Rd2 (30. Rc7 Nb4 31. Nxb4 axb4 32. Rb7 Ra1+ 33.
Ke2 Ra2+ 34. Ke3 Ra3+ $11) 30... Nb4 31. Nxb4 axb4 32. Rb2 Ra4 33. Ke2 1/2-1/2